Chapitre Harry Potter 2 - Statistiques

Statistiques générales
  • Ce quiz a été pris 29 fois
  • Le résultat moyen est 9 sur 18
Statistiques - réponses
Numéro de chapitre Nom du chapitre % Correct
16 La chambre des secrets
81%
6 Gilderoy Lockhart
71%
3 Le terrier
67%
17 L'héritier de Serpentard
67%
1 Un très mauvais anniversaire
62%
15 Aragog
52%
4 Chez Fleury et Bott
52%
8 L'anniversaire de mort
52%
9 L'avertissement
52%
5 Le saule cogneur
52%
2 L'avertissement de Dobby
48%
11 Le club de duel
48%
18 La récompense de Dobby
43%
12 Le polynectar
43%
14 Cornélius Fudge
38%
13 Un journal très intime
38%
10 Le cognard fou
33%
7 Sang-de-bourbe et drôle de voix
29%
Aucun quiz correspondant
Distribution des résultats
% des personnes avec chaque résultat
Percentile par nombre de réponses
Votre historique - résultats
Vous n’avez pas pris ce quiz